02260nam a22002177a 450000500170000000800410001702000180005804000180007608200200009410000160011424500560013025000120018626000460019830000410024450001610028550104280044650510720087465000310194665000350197765000300201220250424160940.0250424b |||||||| |||| 00| 0 eng d a9788195101338 cAIMIT LIBRARY 21a338.04bGUPC aGupta, C B. aEntrepreneurship :btext and cases /cBy C B Gupta. a1st ed. aNew Delhi :bSultan Chand & Sons ,c2022. axx,20.16,I.20,II.10p. ;bPBc25.7 cm aSpecially designed and written for Paper BCH 4.5 (a), Semester IV of B Com (Hons), CBCS and Paper BC 5.3 (a) Semester V of B Com, CBCS of Delhi University. aSalient Features Comprehensive coverage Systematic arrangement of various topics Examples from Indian industry To the point presentation Lucid and simple language Pedagogical Features Chapter outline in the beginning of every chapter to give a bird's eye-view of the contents Tables and diagrams to illustrate the text Very short answer, short answer and long answer type questions Case studies of Indian entrepreneurs a Contents : UNIT I : INTRODUCTION Nature and Role of Entrepreneurship Routes of Entrepreneurship Creativity and Innovation Dimensions of Entrepreneurship UNIT II: TYPES OF BUSINESS ENTITIES Micro, Small and Medium Enterprises Business Groups, Business Houses and Family Business Contemporary Role Models in Indian Business UNIT III: ENTREPRENEURIAL SUSTAINABILITY Institutions Assisting Entrepreneurs Entrepreneurial Development in India Business Incubators, Angel Investors, Venture Capital and Private Equity Funds UNIT IV: BUSINESS PLAN PREPARATION Sources and Techniques of Business Ideas Feasibility Analysis Business Plan UNIT V : MARSHALLING RESOURCES Financing the New Venture Production and Operations Management Marketing Issues in a New Venture Building the New Venture Team Forms of Ownership for New Venture Growth and Transition of a Venture Accounting and Financial Statements of a New Venture UNIT VI: APPENDICES Case Studies of Successful and Unsuccessful Entrepreneurs Model Feasibility Reports Bibliography Question Paper of B.Com (Hons.) May 2017 aTypes of business entities aEntrepreneurial sustainability aBusiness plan preparation